Vákuový zdvíhací systém ako prídavné pracovné za-riadenie mobilného pracovného stroja (The Vacuum lift system how additional work device mobile machine) [CD-ROM] : Diplomová práca

Salvato in:
Dettagli Bibliografici
Autore principale: Ličko, Martin, 1984- (Autore)
Altri autori: Slovák, Pavol, 1966- (xxx)
Natura: Manoscritto Libro
Lingua:slovacco
Pubblicazione: Bratislava : STU v Bratislave SjF, 2008
Edizione:1.vyd.
Soggetti:
Tags: Aggiungi Tag
Nessun Tag, puoi essere il primo ad aggiungerne!!

MARC

LEADER 00000ntm a22000003a 4500
001 stu178897
005 20150617230043.7
008 090129s2008----xo------------------slo-d
040 |a STU  |b slo 
041 0 |a slo 
044 |a xo 
100 1 |a Ličko, Martin,  |d 1984-  |4 aut  |u J0030  |9 100  |U SjF Strojnícka fakulta  |T SjF Ústav dopravnej techniky a konštruovania  |X 14457  |U J0030  |Y 806  |7 A000014457 
245 1 |a Vákuový zdvíhací systém ako prídavné pracovné za-riadenie mobilného pracovného stroja (The Vacuum lift system how additional work device mobile machine) [CD-ROM] :  |b Diplomová práca 
250 |a 1.vyd. 
260 |a Bratislava :  |b STU v Bratislave SjF,  |c 2008 
300 |a 65 s 
650 7 |a koncepčný návrh  |2 stusub 
650 7 |a pevnostná analýza  |2 stusub 
650 7 |a conception of structure  |2 estusub 
650 7 |a fortresses analysis  |2 estusub 
700 1 |a Slovák, Pavol,  |d 1966-  |4 xxx  |u J0030  |U SjF Strojnícka fakulta  |T SjF Ústav dopravnej techniky a konštruovania  |X 2338  |U J0030  |Y 806  |7 A000002338 
700 1 |a Jaššo, Peter,  |d 1945-  |4 csl  |u J0030  |U SjF Strojnícka fakulta  |T SjF Ústav dopravnej techniky a konštruovania  |X 2481  |U J0030  |Y 806  |7 A000002481 
996 |b 284J035211  |c J*211/DP  |l JJSK  |s A  |a 24  |w stu178897_0001